| 000 | 00614nam a2200181Ia 4500 | ||
|---|---|---|---|
| 008 | 100920s9999 xx 000 0 und d | ||
| 082 |
_b60496 _a61 थ 77 |
||
| 100 | _aदेशपाण्डे रेणू. | ||
| 245 | _aसम्राज्ञी. | ||
| 260 |
_bसाहित्य-प्रसार-केंद्र, मुंबई. _c1977 |
||
| 300 |
_a320 _bसाधी |
||
| 365 | _b30 | ||
| 520 | _aस्थानिक वाचन. | ||
| 630 | _aसम्राज्ञी. | ||
| 650 | _aस्थानिक वाचन. | ||
| 730 | _aसम्राज्ञी. | ||
| 942 | _cBOOK | ||
| 999 |
_c703751 _d703748 |
||